000 00635nam a2200229Ia 4500
003 OSt
005 20220928115225.0
006 a|||||r|||| 00| 0
007 ta
008 220927b |||||||| |||| 00| 0 eng d
024 _a131075
037 _cTextual
040 _aSDCL
_cSDCL
_beng
041 _2eng
_aeng
082 _aY:1.73'N7, L9
100 _aEdelstein Arthur Ed.
_9443433
245 0 _aImages and ideas in American culture
260 _aEngland
_bBrandeis University Press
_c1979
300 _ax;222p.
_ccm.
942 _hY:1.73'N7, L9
_cTEXL
_2CC
999 _c758578
_d758578